000 00454nam a2200133Ia 4500
008 220216s9999 xx 000 0 und d
100 _aBudiman A F S
245 4 _aThe Future development of rubber production and marketing in Indonesia
260 _bProceedings of the International Rubber Marketing Conference 1996 held in Phuket, 11-13 April.p.3-21
650 _aIndonesia
650 _aRubber Marketing
650 _aRubber production
942 _cJS
999 _c70708
_d70708